LEADER 01153nam0 22002891i 450 001 UON00040570 005 20231205102144.281 100 $a20020107d1976 |0itac50 ba 101 $aeng 102 $aUS 105 $a|||| 1|||| 200 1 $aReading Japanese$fby Eleanor H. Jorden and Hamako Ito Chaplin 210 $aNew Haven$cYale University Press$d1976 215 $aXIV, 607 p.$d25 cm 410 1$1001UON00040563$12001 $aYale Linguistic Series 606 $aLingua giapponese$xSussidi e manuali didattici$3UONC000145$2FI 620 $aUS$dNew Haven$3UONL000121 686 $aGIA II B$cGIAPPONE - LINGUISTICA - GRAMMATICA$2A 700 1$aJORDEN$bEleanor Harz$3UONV002413$0255091 701 1$aITO CHAPLIN$bHamako$3UONV025638$0645438 712 $aYale University Press$3UONV246253$4650 801 $aIT$bSOL$c20250613$gRICA 899 $aSIBA - SISTEMA BIBLIOTECARIO DI ATENEO$2UONSI 912 $aUON00040570 950 $aSIBA - SISTEMA BIBLIOTECARIO DI ATENEO$dSI GIA II B 027 RILEGATORE $eSI SA 2910 7 027 RILEGATORE 996 $aReading Japanese$91152411 997 $aUNIOR